Children of UK Prime Ministers - 1976 onwards - Statistics

General Stats
  • This quiz has been taken 4 times
  • The average score is 17 of 34
Answer Stats
Prime Minister Child % Correct
Carol
100%
David Cameron Ivan
100%
Margaret Thatcher Mark
100%
John Major Elizabeth
67%
Tony Blair Euan
67%
Florence
67%
James
67%
Gordon Brown Jennifer Jane
67%
Kathryn
67%
Boris Johnson Lara
67%
Leo
67%
Theresa May None
67%
Theodore
67%
Wilfred
67%
Rishi Sunak Anoushka
33%
Arthur
33%
Cassia
33%
Daughter
33%
Liz Truss Frances
33%
Frank
33%
James Fraser
33%
John Macaulay
33%
Julia
33%
Krishna
33%
Liberty
33%
James Callaghan Margaret Ann
33%
Michael
33%
Milo
33%
Nicky
33%
Poppy
33%
Romy
33%
Keir Starmer Son
33%
Stephanie
33%
Nancy
0%
No matching quizzes found
Score Distribution
Percent of People with Each Score
Percentile by Number Answered
Your Score History
You have not taken this quiz